000 00436nam a2200145Ia 4500
008 100204s9999 xx 000 0 und d
082 _b11278
100 _aमेहता शशिकला
245 _aब्लॅकमेल
260 _b"निशिराज प्रकाशन , पुणे"
_c1988
300 _a212
630 _aब्लॅकमेल
730 _aब्लॅकमेल
942 _cBOOK
999 _c455714
_d455711